Die Histopathogenese der primär-systematischen Nervenkrankheiten
Elmentve itt :
| Szerző: | |
|---|---|
| Dokumentumtípus: | Cikk |
| Megjelent: |
1932
|
| Sorozat: | Kolligátum
|
| Kulcsszavak: | Ideggyógyászat - patológia |
| Online Access: | http://misc.bibl.u-szeged.hu/25693 |
| LEADER | 00579nab a2200169 i 4500 | ||
|---|---|---|---|
| 001 | misc25693 | ||
| 005 | 20191108150345.0 | ||
| 008 | 171130s1932 hu o 0|| zxx d | ||
| 040 | |a SZTE Miscellanea Repozitórium |b hun | ||
| 041 | |a zxx | ||
| 100 | 1 | |a Schaffer Károly | |
| 245 | 1 | 4 | |a Die Histopathogenese der primär-systematischen Nervenkrankheiten |h [elektronikus dokumentum] / |c Schaffer Károly |
| 260 | |c 1932 | ||
| 300 | |a 130-161 | ||
| 490 | 0 | |a Kolligátum | |
| 695 | |a Ideggyógyászat - patológia | ||
| 856 | 4 | 0 | |u http://misc.bibl.u-szeged.hu/25693/1/017_022_130-161.pdf |z Dokumentum-elérés |